[Event "Mittelfranken-chT 0405"]
[Site "Germany"]
[Date "2004.11.07"]
[Round "2.1"]
[White "Kuhlmann, Christoph"]
[Black "Heumueller, Marc"]
[Result "1-0"]
[WhiteElo "2068"]
[BlackElo "1832"]
[PlyCount "97"]
[EventDate "2004.10.17"]
[EventType "team"]
[EventRounds "9"]
[EventCountry "GER"]
[SourceTitle "EXT 2007"]
[Source "ChessBase"]
[SourceDate "2006.11.23"]
[SourceVersion "1"]
[SourceVersionDate "2006.11.23"]
[SourceQuality "1"]

1. c4 e5 2. Nc3 b6 3. Nf3 Nc6 4. e3 f5 5. d4 e4 6. d5 Nb8 7. Nd4 g6 8. Nxf5 Nf6 9. Ng3 Bb4 10. Bd2 Bxc3 11. Bxc3 0-0 12. Qc2 d6 13. Bxf6 Qxf6 14. Nxe4 Qe5 15. Bd3 Bf5 16. Nc3 Na6 17. Bxf5 Rxf5 18. 0-0 Re8 19. Rad1 Rh5 20. g3 Rh3 21. Qe2 Nc5 22. Qg4 Rh5 23. Rd4 Rf5 24. b4 Rg5 25. Qf4 Rf8 26. Qxe5 dxe5 27. Rd2 Nd7 28. f4 Rgf5 29. g4 R5f7 30. Rdf2 exf4 31. Rxf4 Ne5 32. Rxf7 Rxf7 33. Rxf7 Kxf7 34. Nb5 c5 35. bxc5 bxc5 36. Nxa7 Nxc4 37. Kf2 Nb6 38. e4 Kf6 39. Nc6 Kg5 40. Kg3 c4 41. h4+ Kh6 42. g5+ Kg7 43. Kf4 h6 44. Ke3 hxg5 45. hxg5 Kf7 46. Kd4 Ke8 47. Ne5 Kd8 48. Nxg6 Ke8 49. Ne5 1-0

[Event "Nuremberg Zabo op 03rd"]
[Site "Nuremberg"]
[Date "2001.09.21"]
[Round "1"]
[White "Heumueller, Marc"]
[Black "Weidenhoefer, Robert"]
[Result "1-0"]
[WhiteElo "1847"]
[BlackElo "1348"]
[PlyCount "73"]
[EventDate "2001.09.21"]
[EventType "swiss"]
[EventRounds "5"]
[EventCountry "GER"]
[SourceTitle "EXT 2003"]
[Source "ChessBase"]
[SourceDate "2002.11.25"]
[SourceVersion "1"]
[SourceVersionDate "2002.11.25"]
[SourceQuality "1"]

1. d4 d5 2. c4 Nf6 3. cxd5 e6 4. dxe6 Bxe6 5. Nf3 Bd6 6. Nc3 0-0 7. g3 Bb4 8. Bg2 c6 9. 0-0 Re8 10. Qc2 c5 11. Rd1 Qc8 12. Ng5 Bg4 13. Qb3 Re7 14. Nce4 Bxe2 15. Qc2 Rxe4 16. Nxe4 Bxd1 17. Nxf6+ gxf6 18. Qxd1 Nc6 19. Bh6 Ne7 20. d5 Ng6 21. a3 Ba5 22. Rc1 Qf5 23. d6 Rd8 24. Qa4 Bb6 25. Be3 Rxd6 26. Qe8+ Kg7 27. Bxb7 Rd8 28. Qe4 Qh5 29. Qf3 Qe5 30. h4 Qxb2 31. h5 Ne5 32. h6+ Kf8 33. Qxf6 Nd3 34. Bxc5+ Kg8 35. Rc3 Qxf2+ 36. Bxf2 Bxf2+ 37. Kg2 1-0

[Event "Schachschule Erlangen op"]
[Site "Erlangen"]
[Date "1997.??.??"]
[Round "2"]
[White "Blum, Gernot"]
[Black "Heumueller, Marc"]
[Result "1/2-1/2"]
[WhiteElo "2130"]
[BlackElo "1983"]
[PlyCount "132"]
[EventDate "1997.10.31"]
[EventType "swiss"]
[EventRounds "5"]
[EventCountry "GER"]
[SourceTitle "EXT 1999"]
[Source "ChessBase"]
[SourceDate "1998.11.16"]
[SourceVersion "1"]
[SourceVersionDate "1998.11.16"]
[SourceQuality "1"]

1. c4 f5 2. Nf3 Nf6 3. g3 g6 4. Nc3 Bg7 5. Bg2 d6 6. 0-0 e5 7. d4 e4 8. Ng5 0-0 9. f3 h6 10. Nh3 c6 11. fxe4 fxe4 12. d5 Bf5 13. Nf2 Re8 14. e3 Qd7 15. b3 Na6 16. dxc6 bxc6 17. Ba3 d5 18. cxd5 Nxd5 19. Nxd5 cxd5 20. Rc1 Rac8 21. Qe2 Qb7 22. Nh3 Rxc1 23. Rxc1 Rc8 24. g4 Rxc1+ 25. Bxc1 Be6 26. g5 Qc8 27. Qf1 hxg5 28. Nxg5 Bf5 29. Ba3 Nc5 30. Qb5 Bf8 31. Bf1 Qd7 32. Qb8 Qe7 33. h4 Nd7 34. Bxe7 Nxb8 35. Bxf8 Kxf8 36. Kf2 Ke7 37. Ke2 Nc6 38. Kd2 Kd6 39. Kc3 Ne5 40. b4 Nf3 41. Nxf3 exf3 42. Kd4 Bb1 43. a4 Ba2 44. e4 Bc4 45. e5+ Ke7 46. Bh3 f2 47. b5 f1Q 48. Bxf1 Bxf1 49. Kxd5 Bg2+ 50. Kd4 Ke6 51. a5 Bf1 52. b6 axb6 53. axb6 Bg2 54. Ke3 Kxe5 55. Kf2 Bb7 56. Kg3 Kf5 57. Kh2 Bc8 58. Kg3 Ba6 59. Kf3 Bb7+ 60. Kg3 Bc8 61. Kf3 Ke5 62. Kg3 Kf5 63. Kf3 Bb7+ 64. Kg3 Be4 65. Kh3 Kf4 66. h5 g5 1/2-1/2